Исследование фокусирующих свойств модулированных управляющих магнитных полей индукционных циклических ускорителей: диссертация на соискание ученой степени кандидата технических наук; спец. 01.04.20

Bibliographic Details
Main Author: Холмогоров В. Н. Василий Николаевич
Corporate Author: Томский политехнический университет
Other Authors: Чахлов В. Л. Владимир Лукьянович (научный руководитель)
Language:Russian
Published: Томск, 2002
Subjects:
Format: Book
KOHA link:https://koha.lib.tpu.ru/cgi-bin/koha/opac-detail.pl?biblionumber=39785

MARC

LEADER 00000nbm0a2200000 4500
001 39785
005 20231031011708.0
035 |a (RuTPU)RU\TPU\book\40660 
090 |a 39785 
100 |a 20020412d2002 k y0rusy50 ca 
101 0 |a rus 
102 |a RU 
105 |a a m 001zy 
200 1 |a Исследование фокусирующих свойств модулированных управляющих магнитных полей индукционных циклических ускорителей  |e диссертация на соискание ученой степени кандидата технических наук  |e спец. 01.04.20  |f В. Н. Холмогоров  |g Томский политехнический университет ; науч. рук. В. Л. Чахлов 
210 |a Томск  |d 2002 
215 |a 149 л.  |c ил. 
320 |a Библиогр.: с. 143-149 
610 1 |a электроника 
610 1 |a циклические ускорители 
610 1 |a магнитные поля 
610 1 |a бетатроны 
610 1 |a математическое моделирование 
610 1 |a фокусирующие свойства 
610 1 |a диссертации 
610 1 |a труды учёных ТПУ 
675 |a 621.384.63(04)  |v 3 
686 |a 01.04.20  |2 oksvnk 
700 1 |a Холмогоров  |b В. Н.  |g Василий Николаевич 
702 1 |a Чахлов  |b В. Л.  |c физик  |c заслуженный деятель науки и техники Российской Федерации  |c заслуженный профессор Томского политехнического университета, доктор технических наук  |f 1934-2011  |g Владимир Лукьянович  |2 stltpush  |3 (RuTPU)RU\TPU\pers\19882  |4 727 
712 0 2 |a Томский политехнический университет 
801 1 |a RU  |b 63413507  |c 20020412  |g PSBO 
801 2 |a RU  |b 63413507  |c 20131007  |g PSBO 
942 |c BK